Termodinámica
Enregistré dans:
| Auteurs principaux: | , |
|---|---|
| Format: | Livre |
| Langue: | espagnol |
| Publié: |
Ciudad de México
McGraw-Hill
1991
|
| Édition: | 2a. ed |
| Collection: | Schaum
|
| Sujets: | |
| Tags: |
Ajouter un tag
Pas de tags, Soyez le premier à ajouter un tag!
|
MARC
| LEADER | 00000nam a2200000 a 4500 | ||
|---|---|---|---|
| 001 | UCY0065 | ||
| 003 | CL-VaPUC | ||
| 008 | 940708e19910000MX |||||||||||||||||spa|d | ||
| 082 | 0 | 4 | |a 536.7 |b ABB |2 21 |
| 100 | 0 | |a Abbott, Michael M |e author |9 327658 | |
| 700 | 0 | |a Van Ness, Hendrick C |e author |9 327659 | |
| 245 | 1 | 0 | |a Termodinámica |
| 250 | |a 2a. ed | ||
| 300 | |a 400 p | ||
| 942 | |c BK | ||
| 945 | |d 19940708 00:00:00 |a mfernand | ||
| 260 | |a Ciudad de México |b McGraw-Hill |c 1991 | ||
| 650 | 0 | |a Termodinámica |9 259320 | |
| 583 | |a last modification |c 19940708 00:00:00 |k Rodrigo Vera | ||
| 490 | 0 | |a Schaum | |
| 999 | |c 229155 |d 229153 | ||
| 952 | |0 0 |1 0 |4 0 |6 536_700000000000000_ABB_1991 |7 0 |8 A |9 229785 |a BIBING |b BIBING |d 2019-11-15 |i 299416K |o 536.7 ABB 1991 |p 299416K |r 2025-01-20 |w 2019-11-15 |y BK |k ING | ||
| 952 | |0 0 |1 0 |4 0 |6 536_700000000000000_ABB_1991 |7 0 |8 A |9 229787 |a BIBING |b BIBING |d 2019-11-15 |i 2994194 |o 536.7 ABB 1991 |p 2994194 |r 2025-01-20 |w 2019-11-15 |y BK |k ING | ||
| 952 | |0 0 |1 0 |4 0 |6 536_700000000000000_ABB_1991 |7 0 |8 A |9 229788 |a BIBCUR |b BIBCUR |d 2019-11-15 |i 3028909 |l 1 |m 1 |o 536.7 ABB 1991 |p 3028909 |r 2025-04-22 |s 2023-04-20 |w 2019-11-15 |y BK |k BCB | ||